| 000 | 00820nam a2200193 a 4500 | ||
|---|---|---|---|
| 005 | 20140414132116.0 | ||
| 008 | 111026s19uu xx 00 eng d | ||
| 020 | _a9781423101468 | ||
| 050 |
_aFIC _bR48 2008 |
||
| 100 | _aRiordan, Rick. | ||
| 245 |
_aThe battle of the Labyrinth / _cRick Riordan. |
||
| 250 | _a1st ed. | ||
| 260 |
_aNew York : _bHyperion Books for Children, _cc2008. |
||
| 440 | _aPercy Jackson & the Olympians ; bk. 4 | ||
| 520 | _aWhen demonic cheerleaders invade his high school, Percy Jackson hurries to Camp Half Blood, from whence he and his demigod friends set out on a quest through the Labyrinth, while the war between the Olympians and the evil Titan lord Kronos draws near. | ||
| 650 |
_aAnimals, Mythical _xJuvenile fiction. |
||
| 650 |
_aMythology, Greek _xFiction. |
||
| 999 |
_c114925 _d114925 |
||